Mort le soleil (Record no. 14027)
[ view plain ]
| 010 ## - Numéro international normalisé du livre (ISBN) | |
|---|---|
| ISBN | 9782351052129 |
| Disponibilité et/ou prix | 10 EUR |
| 099 ## - Visibilité opac | |
| notice masquée en opac | Non |
| 100 ## - Données générales de traitement | |
| Données générales de traitement | 20231010h20232023m y0frey50 ba |
| 101 0# - Langue de la ressource | |
| Langue du texte, de la bande son, etc. | français |
| 102 ## - Pays de publication ou de production | |
| Pays de publication | France |
| 200 1# - Titre et mention de responsabilité | |
| Titre propre | Mort le soleil |
| Indication générale du type de document | Livre |
| 214 #0 - Mentions de production, publication, diffusion et manufacture | |
| Nom de l’éditeur | Éditions l'Oeil du prince |
| Date de publication | DL 2023 |
| 215 ## - Description physique | |
| Nombre de pages | 1 vol. (69 p.) |
| 323 ## - Nombre de personnages | |
| Texte de la note | 1 personnage |
| 330 ## - Résumé ou extrait | |
| Texte de la note | Masculin d'aujourd'hui : père largué par sa femme. Masculin d'aujourd'hui : fils sans repères. Masculin d'aujourd'hui : intrus en lutte contre le monopole des glandes mammaires. Masculins de demain, prendrez-vous une carabine pour tirer dans la cohorte féminine ? Sur le seuil de sa perpétuité, trente ans après le drame pour lequel il a été emprisonné, un condamné livre son ultime Pater Noster. Un poèmologue qui convoque les figures d'un adolescent et de son père quinquagénaire, fanatisés par un jeune masculiniste prêchant la contre-révolution féministe. |
| 700 #1 - Auteur principal | |
| Nom | Soublin |
| Prénom | Gwendoline |
| Dates | 1987-.... |
| 105 ## - Zone de données codées : textes, monographies | |
| Données codées sur les monographies textuelles | y ||||000by |
| 181 ## - Zone de données codées : Forme de la ressource | |
| Données de liaison entre champs | z01 |
| Autre référentiel utilisé pour coder la forme du contenu | texte |
| Code du référentiel | rdacontent |
| 181 #1 - Zone de données codées : Forme de la ressource | |
| Données de liaison entre champs | z01 |
| Forme du contenu selon l’ISBD sous forme codée | i# |
| Qualificatif(s) du contenu selon l’ISBD sous forme codée | xxxe## |
| 182 ## - Zone de données codées : type de média | |
| Données de liaison entre champs | z01 |
| Autre référentiel utilisé pour coder le type de médiation | sans média |
| Code du référentiel | rdamedia |
| 182 #1 - Zone de données codées : type de média | |
| Données de liaison entre champs | z01 |
| Type de médiation selon l’ISBD sous forme codée | sans média |
| 183 #1 - Zone de données codées : Type de carrière | |
| Données de liaison entre champs | z01 |
| Type de support sous forme codée | nga |
| Code du référentiel | RDAfrCarrier |
| 214 #0 - Mentions de production, publication, diffusion et manufacture | |
| Lieu de publication, production, distribution/diffusion, fabrication | Paris |
| 215 ## - Description physique | |
| Dimensions | 20 cm |
| 312 ## - Note sur les titres associés | |
| Texte de la note | La couv. porte en plus : "Théâtre contemporain" |
| 608 ## - Vedette de Forme, Genre ou Caractéristiques physiques | |
| Identifiant de la notice d'autorité | 027814157 |
| Élément d'entrée | Théâtre (genre littéraire) français |
| Code du format utilisé | rameau |
| 700 #1 - Auteur principal | |
| Identifiant de la notice d'autorité | 233789502 |
| Code de fonction | Auteur |
| 801 #3 - Origine de la notice | |
| Pays | FR |
| Agence de catalogage | Abes |
| Date de la transaction | 20250602 |
| Règles de catalogage utilisées | AFNOR |
| 000 -Etiquette de la notice | |
| Leader | 01627cam0a2200397 4500 |
| 003 - Identifiant de la notice | |
| Identifiant | http://www.sudoc.fr/272494100 |
| 005 - Identifiant de la version | |
| Identifiant | 20260226145801.0 |
| 035 ## - Identifiant de la notice dans un autre système | |
| Identifiant de la notice dans un autre système | (OCoLC)1402164521 |
| 035 ## - Identifiant de la notice dans un autre système | |
| Identifiant de la notice dans un autre système | 438288 |
| 035 ## - Identifiant de la notice dans un autre système | |
| Identifiant de la notice dans un autre système | 536843 |
| 073 #1 - EAN | |
| Numéro normalisé | 9782351052129 |
| Exclu du prêt | Date de création | Site actuel | Code barre | Date prix de remplacement | Cote | Statut | Site de rattachement | Type de document Koha |
|---|---|---|---|---|---|---|---|---|
| 26.02.2026 | Théâtre Joliette | JOL-007728 | 26.02.2026 | TH SOU 1 | Théâtre Joliette | Livre |